Will Ferrell Movies Quiz Stats

 Plays Quiz Updated Feb 1, 2019

Score 0/43 Timer 06:00
2 Plays Today
Year Movie Title % Correct
2013Anchorman 2: The Legend Continues
87.9%
2004Anchorman: The Legend of Ron Burgundy
84.5%
2008Step Brothers
73.7%
2003Elf
68.1%
2006Talladega Nights: The Ballad of Ricky Bobby
67.4%
2003Old School
66.8%
2016Zoolander 2
60%
2018Holmes & Watson
59.4%
2007Blades of Glory
58%
2019The Lego Movie 2: The Second Part
55.3%
2008Semi-Pro
53.4%
2001Zoolander
50.8%
2014The Lego Movie
47.6%
2017Daddy's Home 2
47.2%
2006Stranger Than Fiction
38.6%
2015Daddy's Home
37.5%
1998A Night At the Roxbury
37.3%
2005Kicking & Screaming
35.4%
2012The Campaign
34.7%
2015Get Hard
30.9%
1997Austin Powers: International Man of Mystery
30.8%
2009Land of the Lost
30.8%
Year Movie Title % Correct
2005Bewitched
28.5%
2006Curious George
25.3%
1999Superstar
23.5%
1999Austin Powers: the Spy Who Shagged Me
22.8%
2017The House
20.2%
2010The Other Guys
20%
2012Casa de mi Padre
16.8%
2001Jay and Silent Bob Strike Back
13.1%
2000The Ladies Man
11.5%
2010Megamind
11.2%
2005The Producers
8.9%
2010Everything Must Go
7.5%
2005Melinda and Melinda
6.9%
1999Dick
6.2%
2006Winter Passing
4.4%
2012Tim and Eric's Billion Dollar Movie
4.3%
2000Drowning Mona
3.5%
1999The Suburbans
3.1%
1997Men Seeking Women
3%
1998The Thin Pink Line
2.9%
2005The Wendell Baker Story
2.6%

You're not logged in!

Compare scores with friends on all Sporcle quizzes.
OR
Log In

Show Comments

Extras

Top Quizzes Today


Score Distribution

Your Account Isn't Verified!

In order to create a playlist on Sporcle, you need to verify the email address you used during registration. Go to your Sporcle Settings to finish the process.

Report this User

Report this user for behavior that violates our Community Guidelines.

Details: